| 000 | 00362nam a22000977a 4500 | ||
|---|---|---|---|
| 999 |
_c2933 _d2933 |
||
| 008 | 190114b ||||| |||| 00| 0 eng d | ||
| 100 | _aCalleras, Tage | ||
| 245 | _aCatalogue of the Swedish UN-Forces military mail cancellations | ||
| 260 |
_bUnited Nations Study Unit of the A.T.A., _c1966 |
||
| 650 | _aSweden | United Nations | Military Mail | Catalogs and Price Lists | ||